Survival: A thematic guide to canadian literature
Uloženo v:
| Hlavní autor: | |
|---|---|
| Médium: | Kniha |
| Jazyk: | English |
| Vydáno: |
Toronto, Canadá
Anansi
1972
|
| Témata: | |
| Tagy: |
Přidat tag
Žádné tagy, Buďte první, kdo vytvoří štítek k tomuto záznamu!
|
MARC
| LEADER | 00000nam a2200000Ia 4500 | ||
|---|---|---|---|
| 008 | 170316s9999 xx 000 0 eng d | ||
| 040 | |a cru BVZT | ||
| 090 | |a 818 A-7su | ||
| 100 | |a Atwood, Margaret | ||
| 245 | |a Survival: A thematic guide to canadian literature |c Margaret Atwood | ||
| 260 | |a Toronto, Canadá | ||
| 260 | |b Anansi | ||
| 260 | |c 1972 | ||
| 300 | |a 287 páginas | ||
| 650 | |a LITERATURA CANADIENSE | ||
| 999 | |c 21741 |d 21741 | ||
| 942 | |c LIB |h 818 A-7su |2 z | ||
